000 00364 a2200169 4500
001 190977
020 _a85-08-09117-6
040 _cMagnum
100 _aIacocca, Liliana
240 1 0 _aDe boca bem fechada
_lpor
245 1 0 _aDe boca bem fechada
300 _a71
362 0 _a2004
440 1 _aÁtica
697 _aLITERATURA INFANTO-JUVENIL
942 _cBK
999 _c190977
_d190977